| 000 | 00644nam a22002057a 4500 | ||
|---|---|---|---|
| 005 | 20130913144841.0 | ||
| 010 | _aENG-108174 | ||
| 020 |
_a9789380261737 _c195.00 |
||
| 035 | _aEN-91707 | ||
| 037 | _bDBAD/PUB | ||
| 082 | _a306.2 | ||
| 100 | _aBaruah, Munin | ||
| 245 | 1 | 0 |
_aPolitical sociology : _cby Munin Baruah [and] Pankaj Borah _btheories and concepts / |
| 260 |
_aGuwahati _bEBH Publishers _c2012 |
||
| 270 |
_a136,M.L.Nehru Road, Panbazar _bGuwahati _e781001 |
||
| 300 |
_a179p. _c18cm(pbk) |
||
| 500 | _aIncludes bibliographical references and index | ||
| 700 | _aBorah, Pankaj | ||
| 942 |
_2ddc _cEN _mBAR _h306.2 |
||
| 999 |
_c78137 _d78137 |
||